LEADER 01104nam a2200265 i 4500 001 000000135566 003 CaOOAMICUS 005 20240403121200.0 008 050308s1979 it u000 u ita u 013 $a108957 040 $aSeMil$bita 100 1 $aGola, Guido.$0(OLS)http://semarc/name/55300 245 10$aElementi di linguaggio cinematografico /$cGuido Gola ; presentazione di Gianfranco Bettetini. 260 $aBrescia :$bLa Scuola,$c1979. 300 $a185 p. ;$c20 cm. 490 0 $aAnalisi e sintesi ;$v30. Nuova serie 650 4$aCinema - Lingua.$0(OLS)http://semarc/subject/47886 700 1 $aBettetini, Gianfranco <1933-2017>.$0(OLS)http://semarc/name/89672 830 0$aAnalisi e sintesi ;$v30. Nuova serie.$0(OLS)http://semarc/title/18295 850 $aSeMil 852 $aSeMil$W1$xVenegono$y1$m3M I 1$j89218$B89218$CSeMilBibl$Z2$F93954 $81 961 $aOmaggio: Poma mons. Gianfranco 996 $6245$aElementi di linguaggio cinematografico$9(OLS)http://semarc/title/198211 996 $6260$aBrescia :$bLa Scuola$9(OLS)http://semarc/publisher/29831 LEADER 01271nam a2200265 i 4500 001 000000241967 003 CaOOAMICUS 005 20150525000000.0 008 150525s1968 it u000 u ita u 013 $a220872 040 $aSeMil$bita 245 10$aInsegnanti, scuola e società /$cVincenzo Cesareo. 260 $aMilano :$bVita e Pensiero,$cstampa 1968. 300 $aXI, 533 p. :$bill. ;$c22 cm. 490 0 $aPubblicazioni della Università Cattolica del Sacro Cuore 490 0 $aPubblicazioni dell'Università cattolica del Sacro Cuore. Serie 3., Sociologia ;$v3 500 $aContiene : Bibliografia. 650 4$aScuola e società - Italia.$0(OLS)http://semarc/subject/14274 650 4$aInsegnanti - Professione.$0(OLS)http://semarc/subject/28342 830 0$aPubblicazioni della Università Cattolica del Sacro Cuore.$0(OLS)http://semarc/title/22052 830 0$aPubblicazioni dell'Università cattolica del Sacro Cuore. Ser. 3., Sociologia ;$v3.$0(OLS)http://semarc/title/24701 850 $aSeMil 852 $aSeMil$W1$xVenegono$y1$m3N III 359$j192313$B192313$CSeMilBibl$Z2$F203126 $81 996 $6245$aInsegnanti, scuola e società$9(OLS)http://semarc/title/343784 996 $6260$aMilano :$bVita e Pensiero$9(OLS)http://semarc/publisher/29642